000
00218 a2200109 4500
020
_a
9780590026116
041
_a
eng
100
_a
Paulette Bourgeois
245
_a
Franklins Christmas Gift
942
_c
BK
952
_7
1
999
_c
22695
_d
22695